General knowledge (medium) - Statistics

General Stats
  • This quiz has been taken 237 times
    228 since last reset
  • The average score is 14 of 26
Answer Stats
Hint Answer % Correct
In which city can you find the Colosseum? Rome
98%
Who painted the Mona Lisa? Leonardo da Vinci
90%
What is the most popular phone brand? Samsung
85%
Which place has the most gingers? Ireland
80%
What part of the atom has no electric charge? Neutron
80%
Who started ww2? Adolf Hitler
76%
What sports car company manufactures the 911? Porsche
73%
What's the biggest animal in the world? Blue whale
71%
Which planet in our solar system is the hottest? Venus
71%
Which country has the most lakes? Canada
68%
Which planet has the most moons? Saturn
66%
How many continets are there? 7
65%
In what country is the Chernobyl nuclear plant located? Ukraine
63%
When did the ussr dissolve? 1991
58%
How many bones do we have in an ear? 3
52%
Where did sushi originate? China
52%
What year was the United Nations established? 1945
42%
Which is the only body part that is fully grown from birth? Eyes
37%
Kratos is the main character of what video game series? God of War
37%
What phone company produced the 3310? Nokia
30%
How many minutes are in a full week? 10080
27%
What country has the most islands? Sweden
21%
When was the first video game made? 1958
14%
What country drinks the most coffee? Finland
11%
How much did Russia sell Alaska for? 7.2 million
1%
What is acrophobia a fear of? Flying
1%
No matching quizzes found
Score Distribution
Percent of People with Each Score
Percentile by Number Answered
Your Score History
You have not taken this quiz since the last reset